<?xml version="1.0" encoding="UTF-8"?>
<record
    xmlns:xsi="http://www.w3.org/2001/XMLSchema-instance"
    xsi:schemaLocation="http://www.loc.gov/MARC21/slim http://www.loc.gov/standards/marcxml/schema/MARC21slim.xsd"
    xmlns="http://www.loc.gov/MARC21/slim">

  <leader>00886nam a2200265 a 4500</leader>
  <controlfield tag="001">1243</controlfield>
  <controlfield tag="003">BR-CuiBMT</controlfield>
  <controlfield tag="005">20231201204017.0</controlfield>
  <controlfield tag="008">231201s2007    mtba          000 0 por d</controlfield>
  <datafield tag="020" ind1=" " ind2=" ">
    <subfield code="a">9788587226686</subfield>
  </datafield>
  <datafield tag="040" ind1=" " ind2=" ">
    <subfield code="a">BR-CuiBMT</subfield>
    <subfield code="c">BR-CuiBMT</subfield>
  </datafield>
  <datafield tag="080" ind1=" " ind2=" ">
    <subfield code="2">2007</subfield>
    <subfield code="a">94</subfield>
    <subfield code="x">(817.2)</subfield>
  </datafield>
  <datafield tag="090" ind1=" " ind2=" ">
    <subfield code="a">94(817.2)</subfield>
    <subfield code="b">C966</subfield>
    <subfield code="c">2. ed.</subfield>
  </datafield>
  <datafield tag="245" ind1="1" ind2=" ">
    <subfield code="a">Cuiab&#xE1; :</subfield>
    <subfield code="b">de vila a metr&#xF3;pole nascente /</subfield>
    <subfield code="c">organiza&#xE7;&#xE3;o Elizabeth Madureira Siqueira ... [et al.].</subfield>
  </datafield>
  <datafield tag="250" ind1=" " ind2=" ">
    <subfield code="a">2. ed. </subfield>
  </datafield>
  <datafield tag="260" ind1=" " ind2=" ">
    <subfield code="a">Cuiab&#xE1; :</subfield>
    <subfield code="b">Entrelinhas,</subfield>
    <subfield code="c">2007.</subfield>
  </datafield>
  <datafield tag="300" ind1=" " ind2=" ">
    <subfield code="a">207 p.:</subfield>
    <subfield code="b">il., color.</subfield>
    <subfield code="c">30 cm</subfield>
  </datafield>
  <datafield tag="504" ind1=" " ind2=" ">
    <subfield code="a">Inclui bibliografia.</subfield>
  </datafield>
  <datafield tag="650" ind1=" " ind2=" ">
    <subfield code="a">Cuiab&#xE1; (MT)</subfield>
    <subfield code="x">descri&#xE7;&#xF5;es e viagens </subfield>
  </datafield>
  <datafield tag="650" ind1=" " ind2=" ">
    <subfield code="a">Cuiab&#xE1; (MT)</subfield>
    <subfield code="x">hist&#xF3;ria </subfield>
  </datafield>
  <datafield tag="650" ind1=" " ind2=" ">
    <subfield code="a">Fotografia </subfield>
    <subfield code="x">hist&#xF3;ria </subfield>
    <subfield code="z">Cuiab&#xE1; (MT)</subfield>
  </datafield>
  <datafield tag="651" ind1=" " ind2=" ">
    <subfield code="a">Cuiab&#xE1; (MT)</subfield>
    <subfield code="x">hist&#xF3;ria</subfield>
    <subfield code="x">obras ilustradas</subfield>
  </datafield>
  <datafield tag="700" ind1=" " ind2=" ">
    <subfield code="4">org.</subfield>
    <subfield code="a">Siqueira, Elizabeth Madureira,</subfield>
    <subfield code="d">1947-</subfield>
    <subfield code="4">[et al.] </subfield>
  </datafield>
  <datafield tag="942" ind1=" " ind2=" ">
    <subfield code="2">udc</subfield>
    <subfield code="c">LV</subfield>
  </datafield>
  <datafield tag="952" ind1=" " ind2=" ">
    <subfield code="0">0</subfield>
    <subfield code="1">0</subfield>
    <subfield code="2">udc</subfield>
    <subfield code="4">0</subfield>
    <subfield code="7">0</subfield>
    <subfield code="a">BIBTCEMT</subfield>
    <subfield code="b">BIBTCEMT</subfield>
    <subfield code="d">2023-12-01</subfield>
    <subfield code="l">0</subfield>
    <subfield code="o">94(817.2) C966</subfield>
    <subfield code="p">BIBTCEMT23120044</subfield>
    <subfield code="r">2023-12-01</subfield>
    <subfield code="t">Ex. 1</subfield>
    <subfield code="w">2023-12-01</subfield>
    <subfield code="y">LV</subfield>
  </datafield>
  <datafield tag="999" ind1=" " ind2=" ">
    <subfield code="c">1243</subfield>
    <subfield code="d">1243</subfield>
  </datafield>
</record>
